| 000 | 00572nam a2200181 i 4500 | ||
|---|---|---|---|
| 001 | 140017 | ||
| 003 | ES-MaACL | ||
| 005 | 20231011173346.0 | ||
| 007 | t| | ||
| 008 | 070214s1950 gw r ||||1| ger d | ||
| 100 | 1 |
_aSchmitt, Carl. _9104517 |
|
| 245 | 1 | 0 |
_aDonoso Cortés in gesamteuropaeischer interpretation : _bvier aufsaetze / _cCarl Schmitt. |
| 260 |
_aKöln : _bGreven Verlag, _c1950. |
||
| 300 |
_a113 p. ; _c19 cm. |
||
| 600 | 1 | 4 |
_aDonoso Cortés, Juan, _d1809-1853- _xCrítica e interpretación _9172937 |
| 852 |
_aES-MaACL _jD-8136 |
||
| 999 |
_c140017 _d140017 |
||